Statistics for United States Word Scramble

Click here to take the quiz!

General Stats

  • This quiz has been taken 51 times
  • The average score is 22 of 25

Answer Stats

HintAnswer% Correct
estneesneTennessee
100%
stestmsaaschuMassachusetts
98%
ntsahwgionWashington
98%
tuhaUtah
96%
maabaalAlabama
93%
driofalFlorida
93%
daavenNevada
93%
tmveronVermont
93%
onarilcaifCalifornia
91%
iiaawhHawaii
89%
kuycnketKentucky
89%
mookhlaaOklahoma
89%
oonregOregon
89%
niaavyslnepnPennsylvania
89%
iiillsnoIllinois
87%
ssaankKansas
87%
ssssppiiiimMississippi
87%
iissomurMissouri
84%
renbksaaNebraska
84%
aamdlyrnMaryland
82%
nnsiicssiwWisconsin
82%
gniymowWyoming
78%
rogeiagGeorgia
76%
aaiinndIndiana
76%
inaaioulsLouisiana
76%

Score Distribution

Percentile by Number Answered

Percent of People with Each Score

Your Score History

You have not taken this quiz